Counter-Strike Map - Statistiques

Statistiques générales
  • Ce quiz a été pris 435 fois
  • Le résultat moyen est 11 sur 17
Statistiques - réponses
Par images Réponse % Correct
Mirage
99%
Nuke
99%
Train
96%
Overpass
94%
Anubis
93%
Inferno
93%
Ancient
90%
Vertigo
90%
Dust II
73%
Cache
68%
Office
66%
Italy
60%
Aztec
19%
Cobbelstone
10%
Basalt
6%
Palais
5%
Edin
2%
Aucun quiz correspondant
Distribution des résultats
% des personnes avec chaque résultat
Percentile par nombre de réponses
Votre historique - résultats
Vous n’avez pas pris ce quiz